| 000 | 00809nam a2200253 a 4500 | ||
|---|---|---|---|
| 001 | 61539 | ||
| 003 | BD-RjUL | ||
| 005 | 20211209080957.0 | ||
| 008 | 170119s1983 njua 001 0 eng | ||
| 020 | _a0131762060 | ||
| 020 | _a0131761986 | ||
| 035 | _a(BD-RjUL)61663 | ||
| 040 |
_aDLC _cDLC _dDLC _dBD-RjUL _beng |
||
| 041 | _aeng | ||
| 082 | 0 | 0 |
_223 _a658.45 _bBUC 1983 |
| 100 | 1 |
_aBudd, John F. _d1923- _9183378 |
|
| 245 | 1 | 0 |
_aCorporate video in focus : _ba management guide to private TV / _cJohn F. Budd, Jr. ; Bruce C. Pennington, consulting editor. |
| 260 |
_aEnglewood Cliffs, N.J. : _bPrentice-Hall, _cc1983. |
||
| 300 |
_avi, 210 p. : _bill. ; _c23 cm. |
||
| 500 | _aIncludes index. | ||
| 650 | 0 |
_aTelevision in management. _9183379 |
|
| 700 |
_aPennington, Bruce C. _9183380 |
||
| 942 |
_2ddc _cBK |
||
| 999 |
_c61539 _d61539 |
||